[Event "Vaujany Accession"]
[Site "?"]
[Date "2015.07.17"]
[Round "9.4"]
[White "Mathieu, Phileas"]
[Black "Saya, Ethan"]
[Result "1/2-1/2"]
[WhiteElo "1696"]
[BlackElo "1627"]
[PlyCount "65"]

1. e4 d5 2. exd5 Qxd5 3. d4 Nc6 4. Nf3 Bg4 5. Be2 O-O-O 6. Be3 e6 7. O-O Nf6 8.
c4 Qd7 9. Nbd2 Be7 10. a3 Rdg8 11. b4 Bxf3 12. Nxf3 Ng4 13. h3 Nxe3 14. fxe3
Bf6 15. Rc1 h5 16. Qa4 Kb8 17. c5 g5 18. b5 Nd8 19. Nd2 Be7 20. Nc4 g4 21. Ne5
Qe8 22. c6 gxh3 23. Nd7+ Ka8 24. b6 Nxc6 25. Rxc6 cxb6 26. Nxb6+ Kb8 27. Rc8+
Qxc8 28. Nxc8 Rxg2+ 29. Kh1 Kxc8 (29... Rxc8 30. Bf3 Rb2) 30. Bf3 Rb2 31. Qxa7
Bd6 32. Rc1+ Kd7 33. Bxb7 1/2-1/2

[Event "Vaujany Accession"]
[Site "?"]
[Date "2015.07.17"]
[Round "9.5"]
[White "Poulet, Benoit"]
[Black "Jean, Robert"]
[Result "1/2-1/2"]
[WhiteElo "1815"]
[BlackElo "1785"]
[PlyCount "160"]

1. d4 Nf6 2. c4 g6 3. Nc3 Bg7 4. e4 d6 5. f3 O-O 6. Be3 c5 7. d5 (7. dxc5) (7.
Nge2) 7... a6 8. Qd2 Nbd7 9. Bh6 Qa5 10. Nge2 b5 11. Nc1 b4 12. Nd1 Qb6 13. Be2
Rb8 14. h4 e6 15. g4 exd5 16. cxd5 Re8 17. Bxg7 Kxg7 18. h5 Re7 19. Nf2 Ne5 20.
hxg6 fxg6 21. Qh6+ Kg8 22. Qg5 Rf7 23. f4 Ned7 24. Rh6 c4 25. f5 Qxf2+ 26. Kxf2
Nxe4+ 27. Kg1 Nxg5 28. fxg6 hxg6 29. Rxg6+ Rg7 30. Rxd6 Rb6 31. Rxb6 Nxb6 32.
b3 c3 33. Bc4 Nf3+ 34. Kf2 Ne5 35. Nd3 Nxd3+ 36. Bxd3 Rxg4 37. Rd1 Rd4 38. Ke2
Bg4+ 39. Ke3 Bxd1 40. Kxd4 c2 41. Bxc2 Bxc2 42. d6 Kf8 43. Kc5 Nd7+ 44. Kxb4
Kf7 45. Ka5 Bd3 46. a4 Ke6 47. b4 Nb8 48. b5 axb5 49. axb5 Kxd6 50. Kb4 Kc7 51.
Kc5 Nd7+ 52. Kb4 Kb6 53. Kb3 Bxb5 {cette finale est normalement gagnante mais
il ne faut pas moins de 35 coups pour réaliser le mat. Elle se divise en 3
étapes: 1) refouler le roi sur un bord de l'échiquier 2) refouler le roi dans
un coin de la couleur controlée par le fou  3) le mat proprement dit} 54. Kb4
Ne5 55. Kc3 Kc5 56. Kb3 Bc6 57. Ka3 Nc4+ 58. Kb3 Nd2+ 59. Kc3 Ne4+ 60. Kb3 Bb5
61. Ka3 Kc4 62. Ka2 Kb4 63. Kb2 Bc4 64. Kb1 Kb3 65. Ka1 Kc3 66. Kb1 Nd2+ (66...
Nc5 67. Ka1 Nb3+ 68. Ka2 Bd3 69. Ka3 Bb1 70. Ka4 Nd4 71. Ka5 Kc4 72. Kb6 Nb5
73. Kb7 (73. Kc6) 73... Bf5 74. Kc6 Bc8 75. Kb6 Bd7 76. Ka5 Nc7 77. Kb6 Nd5+
78. Ka5 Kc5 79. Ka6 Kb4 80. Kb7 Kb5 81. Ka7 Bc8 82. Kb8 Ba6 83. Ka7 Nb6 84. Kb8
Kc6 85. Ka7 Bc4 86. Kb8 Be6 87. Ka7 Nc4 (87... Kc7) 88. Ka6 Bc8+ 89. Ka7 Kc7
90. Ka8 Nd6 91. Ka7 Nc4 92. Ka8 Na5 93. Ka7 Nc6+ 94. Ka8 Bb7#) 67. Ka1 Nb3+ 68.
Kb1 Nd4 69. Ka1 Bb3 70. Kb1 Nc2 71. Kc1 Ba2 72. Kd1 Nd4 73. Ke1 Bb3 74. Kf2 Nf5
75. Kf3 Be6 76. Kf4 Kd4 77. Kg5 Ke5 78. Kg6 Ne7+ 79. Kg7 Kd6 80. Kh8 Kd7
1/2-1/2

[Event "Vaujany Accession"]
[Site "?"]
[Date "2015.07.17"]
[Round "9.6"]
[White "Trin, Pierre"]
[Black "Djidjeli, Sofiane"]
[Result "0-1"]
[WhiteElo "1756"]
[BlackElo "1724"]
[PlyCount "86"]

1. e4 c6 2. Ne2 d5 3. e5 c5 4. b4 cxb4 5. a3 bxa3 6. d4 e6 7. Bxa3 Ne7 8. Nbc3
Bd7 9. Qb1 Qc8 10. Nb5 Bxb5 11. Qxb5+ Qc6 12. Nc3 a6 13. Qb2 Nd7 14. Bd3 Rc8
15. Ne2 Ng6 16. Bxf8 Ngxf8 17. O-O Ng6 18. c4 dxc4 19. Bxc4 O-O 20. Bd3 Qd5 21.
Ng3 f5 22. f4 Nc5 23. Bc2 Nh4 24. Rf2 Ne4 25. Nxe4 fxe4 26. Bb3 Qd7 27. Qe2 Rc3
28. Bc2 e3 29. Rff1 Qxd4 30. Rad1 Qc5 31. Be4 b5 32. Kh1 Rc4 33. Qd3 Rc3 34.
Qe2 a5 35. Rd7 Rc1 36. Rdd1 Rxd1 37. Qxd1 Qc4 38. Bd3 Qd5 39. Bxh7+ Kxh7 40.
Qh5+ Kg8 41. Qxh4 Qxe5 42. g4 Qe4+ 43. Kg1 e2 0-1

[Event "Vaujany Accession"]
[Site "?"]
[Date "2015.07.17"]
[Round "9.8"]
[White "Lees, Jean Pierre"]
[Black "Rutten, David"]
[Result "0-1"]
[WhiteElo "1779"]
[BlackElo "1843"]
[PlyCount "68"]
[EventDate "2015.07.08"]

 1. d4 d5 2.
c4 c6 3. Nf3 Nf6 4. Nc3 e6 5. Bg5 {une variante aigue a eviter quand on n'a
pas fait des heures d'etude a la maison} h6 {la principale alternative a la
ligne 5.... dxc4} (5... dxc4 6. e4 b5 7. e5 (7. a4 {est une alternative
recommandee pour eviter les meandres du gambit Botvinnik} Bb4 (7... b4) (7...
Nbd7) (7... Bb7) (7... Qb6)) 7... h6 8. Bh4 g5 {est la variante principale du
gambit Botvinnik}) 6. Bh4 $6 {inferieur car le gambit qui suit n'offre pas
vraiment de compensations aux blancs et il va s'averer impossible de recuperer
le pion.} ({la suite recommandee ici est la variante de Moscou} 6. Bxf6 Qxf6 7.
Qb3 (7. e3 Nd7 8. Bd3 dxc4 9. Bxc4 g6 10. O-O Bg7 11. Rc1 (11. e4)) (7. Qc2) (
7. g3)) 6... dxc4 7. e4 g5 {tout ceci n'etait pas prepare et je me retrouve en
terre inconnue} (7... b5 8. e5 g5 9. Nxg5 hxg5 10. Bxg5 Nbd7 11. g3 Bb7 12. Bg2
Qb6 13. exf6) 8. Bg3 b5 9. e5 ({la suite principale est} 9. Be2 Bb7 (9... b4
10. Na4 Nxe4 11. Be5 Nf6 12. Bxc4 Nbd7 13. O-O) 10. h4 g4 11. Ne5 h5) (9. Ne5
Bb7 10. h4 g4 11. Nxg4 Nxg4 12. Qxg4 Qxd4 13. Rd1 Qf6 14. e5 Qf5 15. Qd4) 9...
Nd5 10. Qd2 {cette case est normalement destinee au cavalier} (10. Nd2 Nd7 11.
Be2 Bb7 12. O-O Qb6 13. a4 a6 (13... Qxd4 14. axb5 Nxe5 15. Bxe5 Qxe5 16. Nxc4
Nxc3 17. bxc3 Qd5 18. Na5 O-O-O 19. Qb1 Qf5) 14. Nde4) 10... Bb7 11. h4 g4 12.
Nh2 h5 13. f3 Bh6 14. f4 Nxc3 15. Qxc3 Qd5 16. Qe3 Nd7 17. Rd1 O-O-O 18. Rg1
Nc5 19. Be2 Ne4 20. Nf1 f5 21. Qa3 Bf8 22. Qa5 Be7 23. Ne3 Qd7 24. Nf1 Nxg3 25.
Nxg3 Bxh4 26. Qc3 Qe7 27. Rh1 c5 28. Kf2 Bxg3+ 29. Kxg3 h4+ 30. Kh2 h3 31. Kg1
Bxg2 32. Rh2 cxd4 33. Qa5 g3 34. Qa6+ Bb7 0-1

[Event "Vaujany Accession"]
[Site "?"]
[Date "2015.07.17"]
[Round "9.9"]
[White "Kovacs, Miklos"]
[Black "Dubbledam, Lydia"]
[Result "1/2-1/2"]
[WhiteElo "1826"]
[BlackElo "1717"]
[PlyCount "85"]

1. e4 e6 2. d4 d5 3. exd5 exd5 4. c4 Nf6 5. Nc3 c6 6. Bg5 Be7 7. Nf3 Be6 8. c5
Nbd7 9. Bd3 Bg4 10. h3 Bh5 11. O-O O-O 12. Re1 Re8 13. g4 Bg6 14. Ne5 Nxe5 15.
Rxe5 Nd7 16. Bxe7 Rxe7 17. Re2 Nf6 18. Bxg6 hxg6 19. Qd2 Rxe2 20. Qxe2 Qe8 21.
Re1 Qxe2 22. Rxe2 Re8 23. Rxe8+ Nxe8 24. f4 Nc7 25. Kf2 Ne6 26. Ke3 f6 27. h4
Kf7 28. Ne2 Ke7 29. f5 Nf8 30. Ng3 g5 31. hxg5 fxg5 32. b4 Nd7 33. Nh1 Kf6 34.
a4 a6 35. Kf3 Kf7 36. Nf2 Nf6 37. Ke3 g6 38. fxg6+ Kxg6 39. Kd3 Kf7 40. Ke3 Ke6
41. Kf3 Ke7 42. a5 Ke6 43. Ke3 1/2-1/2

[Event "Vaujany Accession"]
[Site "?"]
[Date "2015.07.17"]
[Round "9.18"]
[White "Lamhene, Elias"]
[Black "Schelleman, Niels"]
[Result "1-0"]
[WhiteElo "1506"]
[BlackElo "1529"]
[PlyCount "43"]

1. e4 d5 2. exd5 Nf6 3. Nc3 Nxd5 4. Nxd5 Qxd5 5. d4 g6 6. c4 Qd8 7. Nf3 Nc6 8.
d5 Nb4 9. Qa4+ c6 10. Qxb4 e6 11. Qc3 f6 12. dxc6 bxc6 13. Be2 Bg7 14. Be3 O-O
15. Rd1 Qc7 16. O-O Rb8 17. Bc5 Rd8 18. Rxd8+ Qxd8 19. Rd1 Qe8 20. Qa5 Bd7 21.
Qxa7 Rd8 22. Bb6 1-0